[Event "5th European Small Nations"]
[Site "Andorra la Vella"]
[Date "2017.11.12"]
[Round "1.4"]
[White "Volpinari, Danilo"]
[Black "Ribbegren, Karl Johan"]
[Result "0-1"]
[BlackElo "2252"]
[WhiteElo "1976"]
[LiveChessVersion "1.4.8"]

1. d4 {[%clk 1:30:41]} g6 {[%clk 1:30:02]} 2. e4 {[%clk 1:30:25]} d6
{[%clk 1:30:07]} 3. Nc3 {[%clk 1:30:08]} Nf6 {[%clk 1:29:44]} 4. Be3
{[%clk 1:29:02]} c6 {[%clk 1:29:34]} 5. h3 {[%clk 1:26:24]} Bg7 {[%clk 1:26:52]}
6. Qd2 {[%clk 1:25:57]} b5 {[%clk 1:24:30]} 7. a3 {[%clk 1:21:53]} a6
{[%clk 1:24:02]} 8. Bh6 {[%clk 1:20:03]} Bxh6 {[%clk 1:19:40]} 9. Qxh6
{[%clk 1:19:59]} Nbd7 {[%clk 1:13:36]} 10. Nf3 {[%clk 1:15:37]} e5
{[%clk 1:11:28]} 11. dxe5 {[%clk 1:06:10]} dxe5 {[%clk 1:11:40]} 12. Be2
{[%clk 0:51:10]} Qe7 {[%clk 1:11:08]} 13. O-O {[%clk 0:51:03]} Nc5
{[%clk 1:09:06]} 14. Qg5 {[%clk 0:46:56]} Nfd7 {[%clk 1:01:50]} 15. Qxe7+
{[%clk 0:41:06]} Kxe7 {[%clk 1:02:18]} 16. Rfe1 {[%clk 0:38:03]} f6
{[%clk 0:55:20]} 17. Rad1 {[%clk 0:36:46]} Nf8 {[%clk 0:51:04]} 18. Bf1
{[%clk 0:35:16]} Nfe6 {[%clk 0:41:34]} 19. g3 {[%clk 0:33:20]} g5
{[%clk 0:39:08]} 20. Rd2 {[%clk 0:24:51]} h5 {[%clk 0:36:27]} 21. h4
{[%clk 0:21:44]} g4 {[%clk 0:33:23]} 22. Nh2 {[%clk 0:21:56]} Nd4
{[%clk 0:32:51]} 23. Bg2 {[%clk 0:20:19]} a5 {[%clk 0:31:36]} 24. Ne2
{[%clk 0:17:40]} Nxe2+ {[%clk 0:30:02]} 25. Rexe2 {[%clk 0:16:34]} b4
{[%clk 0:29:57]} 26. Re3 {[%clk 0:16:29]} Be6 {[%clk 0:29:38]} 27. Kf1
{[%clk 0:14:51]} Rhd8 {[%clk 0:25:57]} 28. Ke1 {[%clk 0:14:42]} Na4
{[%clk 0:22:54]} 29. Rxd8 {[%clk 0:07:01]} Rxd8 {[%clk 0:22:49]} 30. axb4
{[%clk 0:04:56]} Nxb2 {[%clk 0:19:24]} 31. f3 {[%clk 0:04:15]} Rd1+
{[%clk 0:13:36]} 32. Kf2 {[%clk 0:04:43]} Nc4 {[%clk 0:12:31]} 33. Re2
{[%clk 0:01:10]} a4 {[%clk 0:10:36]} 34. fxg4 {[%clk 0:01:25]} a3
{[%clk 0:09:27]} 35. c3 {[%clk 0:01:05]} Nb2 {[%clk 0:06:43]} 36. gxh5
{[%clk 0:01:13]} a2 {[%clk 0:06:45]} 37. h6 {[%clk 0:01:34]} a1=Q 0-1

[Event "5th European Small Nations"]
[Site "Andorra la Vella"]
[Date "2017.11.12"]
[Round "1.5"]
[White "Ziska, Helgi Dam"]
[Black "Berend, Fred"]
[Result "1/2-1/2"]
[BlackElo "2371"]
[WhiteElo "2543"]
[LiveChessVersion "1.4.8"]

1. e4 {[%clk 1:30:57]} c5 {[%clk 1:30:52]} 2. Nf3 {[%clk 1:31:01]} Nc6
{[%clk 1:31:19]} 3. Bb5 {[%clk 1:31:00]} e6 {[%clk 1:31:44]} 4. O-O
{[%clk 1:30:52]} Nge7 {[%clk 1:32:11]} 5. c3 {[%clk 1:30:52]} a6 {[%clk 1:32:06]}
6. Ba4 {[%clk 1:31:09]} b5 {[%clk 1:32:31]} 7. Bc2 {[%clk 1:31:28]} Bb7
{[%clk 1:32:51]} 8. Re1 {[%clk 1:30:59]} Ng6 {[%clk 1:32:17]} 9. d4
{[%clk 1:29:58]} cxd4 {[%clk 1:31:25]} 10. cxd4 {[%clk 1:30:21]} Be7
{[%clk 1:31:27]} 11. Nc3 {[%clk 1:29:34]} O-O {[%clk 1:29:29]} 12. g3
{[%clk 1:28:28]} Rc8 {[%clk 1:18:48]} 13. h4 Na5 14. h5 {[%clk 0:49:56]} Nh8
{[%clk 1:19:05]} 15. Bd3 {[%clk 0:48:41]} f6 {[%clk 1:14:53]} 16. a4
{[%clk 0:40:53]} b4 {[%clk 1:13:46]} 17. Ne2 {[%clk 0:40:38]} Qe8
{[%clk 1:08:54]} 18. Nf4 {[%clk 0:39:47]} g5 {[%clk 1:03:38]} 19. hxg6
{[%clk 0:39:57]} hxg6 {[%clk 1:03:53]} 20. Nh4 {[%clk 0:35:44]} g5
{[%clk 0:52:52]} 21. d5 {[%clk 0:33:59]} 1/2-1/2

[Event "5th European Small Nations"]
[Site "Andorra la Vella"]
[Date "2017.11.12"]
[Round "1.6"]
[White "Weber, Tom"]
[Black "Nielsen, Hogni Egilstoft"]
[Result "1/2-1/2"]
[BlackElo "2354"]
[WhiteElo "2418"]
[LiveChessVersion "1.4.8"]

1. c4 {[%clk 1:30:56]} e5 {[%clk 1:30:36]} 2. g3 {[%clk 1:31:01]} Nf6
{[%clk 1:30:40]} 3. Bg2 {[%clk 1:30:50]} h6 {[%clk 1:30:05]} 4. a3
{[%clk 1:26:19]} c6 {[%clk 1:29:58]} 5. d4 {[%clk 1:25:43]} exd4 {[%clk 1:30:22]}
6. Qxd4 {[%clk 1:26:07]} d5 {[%clk 1:30:29]} 7. Nf3 {[%clk 1:18:01]} Be7
{[%clk 1:25:21]} 8. cxd5 {[%clk 1:10:10]} cxd5 {[%clk 1:25:08]} 9. O-O
{[%clk 1:09:55]} Nc6 {[%clk 1:25:01]} 10. Qd3 {[%clk 1:08:49]} O-O
{[%clk 1:09:49]} 11. Nc3 {[%clk 1:07:04]} Be6 {[%clk 1:03:30]} 12. Bf4
{[%clk 0:47:29]} a6 {[%clk 0:44:39]} 13. Rad1 {[%clk 0:46:13]} Qb6
{[%clk 0:42:18]} 14. b4 {[%clk 0:39:26]} Rfd8 {[%clk 0:36:04]} 15. Ne5
{[%clk 0:35:19]} Rac8 {[%clk 0:26:01]} 16. Na4 {[%clk 0:30:59]} Qa7
{[%clk 0:14:59]} 17. Nxc6 {[%clk 0:29:38]} Rxc6 {[%clk 0:15:04]} 18. Be3
{[%clk 0:27:40]} Qb8 {[%clk 0:13:25]} 19. Rc1 {[%clk 0:19:27]} Rdc8
{[%clk 0:09:13]} 20. Rxc6 {[%clk 0:12:39]} Rxc6 {[%clk 0:09:39]} 21. Rd1
{[%clk 0:12:07]} Qc7 {[%clk 0:08:09]} 22. Bc5 {[%clk 0:10:12]} Bxc5
{[%clk 0:06:06]} 23. Nxc5 {[%clk 0:10:35]} a5 {[%clk 0:05:56]} 24. e4
{[%clk 0:01:56]} dxe4 {[%clk 0:03:23]} 25. Nxe4 {[%clk 0:01:58]} Rc1
{[%clk 0:03:19]} 26. Nxf6+ {[%clk 0:01:13]} gxf6 {[%clk 0:03:47]} 27. h4
{[%clk 0:00:58]} axb4 {[%clk 0:01:09]} 28. axb4 {[%clk 0:01:13]} b6
{[%clk 0:01:03]} 29. Bf3 {[%clk 0:00:58]} Kg7 {[%clk 0:00:56]} 30. Rxc1
{[%clk 0:00:40]} Qxc1+ {[%clk 0:01:24]} 31. Kg2 {[%clk 0:00:48]} Qb2
{[%clk 0:00:44]} 32. Qe4 {[%clk 0:00:54]} Qd2 {[%clk 0:00:44]} 33. Qf4
{[%clk 0:00:40]} Qxf4 {[%clk 0:00:34]} 34. gxf4 {[%clk 0:01:08]} Kf8
{[%clk 0:00:35]} 35. Be4 {[%clk 0:01:04]} f5 {[%clk 0:00:45]} 36. Bc2
{[%clk 0:00:58]} Ke7 {[%clk 0:00:44]} 37. Kf3 {[%clk 0:01:23]} Kd6
{[%clk 0:00:45]} 38. Ke3 {[%clk 0:01:49]} Kc6 {[%clk 0:00:39]} 39. Ke4 1/2-1/2

[Event "5th European Small Nations"]
[Site "Andorra la Vella"]
[Date "2017.11.12"]
[Round "1.7"]
[White "Nielsen, Rogvi Egilstoft"]
[Black "Linster, Philippe"]
[Result "1/2-1/2"]
[BlackElo "2230"]
[WhiteElo "2340"]
[LiveChessVersion "1.4.8"]

1. e4 {[%clk 1:30:55]} e5 {[%clk 1:30:49]} 2. Nf3 {[%clk 1:31:06]} Nc6
{[%clk 1:31:13]} 3. Bb5 {[%clk 1:31:15]} a6 {[%clk 1:31:36]} 4. Ba4
{[%clk 1:31:34]} Nf6 {[%clk 1:31:52]} 5. Qe2 {[%clk 1:31:50]} b5 {[%clk 1:31:31]}
6. Bb3 {[%clk 1:32:10]} Be7 {[%clk 1:31:43]} 7. c3 {[%clk 1:32:02]} O-O
{[%clk 1:30:55]} 8. O-O {[%clk 1:31:32]} d5 {[%clk 1:29:36]} 9. d3
{[%clk 1:21:31]} Re8 {[%clk 1:23:20]} 10. Rd1 {[%clk 1:11:11]} h6
{[%clk 1:02:34]} 11. Nbd2 {[%clk 1:09:23]} Be6 {[%clk 1:01:55]} 12. Nf1
{[%clk 1:06:16]} Bf8 {[%clk 0:59:17]} 13. Ne3 {[%clk 0:52:39]} Qd7
{[%clk 0:45:10]} 14. Nh4 {[%clk 0:42:25]} Rad8 {[%clk 0:35:26]} 15. Qf3
{[%clk 0:37:56]} Na5 {[%clk 0:28:32]} 16. Bc2 {[%clk 0:24:12]} dxe4
{[%clk 0:25:07]} 17. dxe4 {[%clk 0:24:20]} Qc6 {[%clk 0:25:22]} 18. Re1
{[%clk 0:23:31]} Nc4 {[%clk 0:22:22]} 19. Nef5 {[%clk 0:20:54]} Bxf5
{[%clk 0:19:51]} 20. Nxf5 {[%clk 0:18:54]} Nd2 {[%clk 0:17:16]} 21. Bxd2
{[%clk 0:14:21]} Rxd2 {[%clk 0:17:31]} 22. Re2 {[%clk 0:14:31]} Red8
{[%clk 0:15:06]} 23. Rae1 {[%clk 0:14:16]} Rxe2 {[%clk 0:11:01]} 24. Qxe2
{[%clk 0:13:20]} g6 {[%clk 0:10:05]} 25. Nh4 {[%clk 0:13:26]} Bc5
{[%clk 0:09:08]} 26. h3 {[%clk 0:12:20]} Kg7 {[%clk 0:09:03]} 27. Nf3
{[%clk 0:12:20]} Qe6 {[%clk 0:07:50]} 28. Bb3 {[%clk 0:10:23]} Qe7
{[%clk 0:08:18]} 29. g3 {[%clk 0:09:45]} Bb6 {[%clk 0:07:50]} 30. Kg2
{[%clk 0:07:42]} Rd6 {[%clk 0:08:01]} 31. a4 {[%clk 0:06:59]} c6 {[%clk 0:06:56]}
32. Bc2 {[%clk 0:04:37]} Nd7 {[%clk 0:06:00]} 33. Rd1 {[%clk 0:03:59]} Nc5
{[%clk 0:05:01]} 34. b4 {[%clk 0:03:17]} Nd7 {[%clk 0:03:59]} 35. Rd2
{[%clk 0:03:05]} Bc7 {[%clk 0:02:11]} 36. Ne1 {[%clk 0:01:36]} Rxd2
{[%clk 0:02:13]} 37. Qxd2 {[%clk 0:02:05]} Qd6 {[%clk 0:02:33]} 38. Qd3
{[%clk 0:01:37]} Qxd3 {[%clk 0:01:32]} 39. Nxd3 {[%clk 0:01:52]} Bd6
{[%clk 0:01:45]} 40. f4 {[%clk 0:31:11]} f6 {[%clk 0:30:50]} 41. Bb3
{[%clk 0:26:11]} Kf8 {[%clk 0:23:50]} 42. Be6 {[%clk 0:17:00]} Ke7
{[%clk 0:24:13]} 43. Bxd7 {[%clk 0:17:00]} Kxd7 {[%clk 0:24:42]} 44. axb5
{[%clk 0:16:55]} axb5 {[%clk 0:24:32]} 45. f5 {[%clk 0:15:59]} g5
{[%clk 0:17:27]} 46. h4 {[%clk 0:14:51]} Ke7 {[%clk 0:15:53]} 47. Kf3
{[%clk 0:13:17]} h5 {[%clk 0:15:20]} 48. g4 {[%clk 0:07:20]} hxg4+
{[%clk 0:15:43]} 49. Kxg4 {[%clk 0:07:44]} gxh4 {[%clk 0:16:10]} 50. Kxh4
{[%clk 0:08:09]} Kf7 {[%clk 0:15:37]} 51. Kg4 {[%clk 0:08:07]} Bf8
{[%clk 0:15:02]} 52. Kf3 {[%clk 0:07:09]} Ke8 {[%clk 0:14:12]} 53. Ke2
{[%clk 0:06:47]} Kd7 {[%clk 0:14:01]} 54. Kd2 {[%clk 0:06:25]} Kc7
{[%clk 0:10:48]} 55. Kc2 {[%clk 0:06:13]} Kb6 {[%clk 0:10:47]} 56. Kb3
{[%clk 0:04:39]} Be7 {[%clk 0:10:58]} 57. Nf2 {[%clk 0:03:45]} Bf8
{[%clk 0:10:38]} 58. Ng4 {[%clk 0:03:46]} Be7 {[%clk 0:08:38]} 59. Kc2
{[%clk 0:02:42]} Kc7 {[%clk 0:08:15]} 60. Kd3 {[%clk 0:02:44]} Kd7
{[%clk 0:07:10]} 61. c4 {[%clk 0:01:14]} Kc7 {[%clk 0:05:42]} 62. cxb5
{[%clk 0:01:21]} cxb5 {[%clk 0:06:09]} 63. Ne3 {[%clk 0:01:38]} Kd7
{[%clk 0:05:12]} 64. Nd5 {[%clk 0:02:05]} Bd8 {[%clk 0:05:32]} 65. Ke3
{[%clk 0:02:28]} Ke8 {[%clk 0:05:27]} 66. Ke2 {[%clk 0:02:37]} Kd7
{[%clk 0:05:29]} 67. Kd3 {[%clk 0:02:11]} Ke8 {[%clk 0:05:10]} 68. Nc3
{[%clk 0:01:11]} Be7 {[%clk 0:05:33]} 69. Nxb5 {[%clk 0:01:30]} Bxb4
{[%clk 0:05:57]} 70. Kc4 {[%clk 0:01:57]} Bd2 {[%clk 0:04:37]} 71. Kd5
{[%clk 0:00:52]} Kd7 {[%clk 0:04:50]} 72. Nd6 {[%clk 0:01:08]} Be1
{[%clk 0:03:53]} 73. Nc4 {[%clk 0:01:21]} Bf2 {[%clk 0:04:05]} 74. Na5
{[%clk 0:01:19]} Be3 {[%clk 0:04:00]} 75. Nc6 {[%clk 0:01:47]} Bf2
{[%clk 0:03:52]} 76. Nb8+ {[%clk 0:02:04]} Kc8 {[%clk 0:03:39]} 77. Na6
{[%clk 0:02:32]} Kd7 {[%clk 0:04:03]} 78. Nb4 {[%clk 0:00:55]} Be3
{[%clk 0:04:20]} 79. Kc4 {[%clk 0:00:48]} Kd6 {[%clk 0:04:11]} 80. Kb5
{[%clk 0:01:07]} Bf2 {[%clk 0:04:08]} 81. Nd5 {[%clk 0:01:05]} Bh4
{[%clk 0:04:37]} 82. Ne3 {[%clk 0:01:25]} Bf2 {[%clk 0:04:42]} 83. Nd5
{[%clk 0:00:49]} Bh4 {[%clk 0:05:10]} 84. Kc4 {[%clk 0:01:03]} Bg5
{[%clk 0:05:26]} 85. Kb4 {[%clk 0:00:59]} Bh4 {[%clk 0:05:48]} 86. Kb5
{[%clk 0:01:17]} Bg5 {[%clk 0:06:13]} 87. Nb6 {[%clk 0:01:41]} Bh4
{[%clk 0:05:39]} 88. Nc8+ {[%clk 0:02:09]} Kd7 {[%clk 0:05:48]} 89. Nb6+
{[%clk 0:02:37]} Kd6 {[%clk 0:06:04]} 90. Nc4+ {[%clk 0:03:05]} Kd7
{[%clk 0:06:22]} 91. Kc5 {[%clk 0:01:48]} Bf2+ {[%clk 0:06:48]} 92. Kd5
{[%clk 0:02:10]} Bg1 {[%clk 0:07:04]} 93. Na5 {[%clk 0:02:20]} Be3
{[%clk 0:07:10]} 94. Nc6 {[%clk 0:02:44]} Bf2 {[%clk 0:07:07]} 95. Nb8+
{[%clk 0:00:51]} Kc8 {[%clk 0:07:37]} 96. Nc6 {[%clk 0:00:40]} 1/2-1/2

[Event "5th European Small Nations"]
[Site "Andorra la Vella"]
[Date "2017.11.12"]
[Round "1.8"]
[White "Gengler, Pierre"]
[Black "Rodgaard, John"]
[Result "1/2-1/2"]
[BlackElo "2332"]
[WhiteElo "2192"]
[LiveChessVersion "1.4.8"]

1. e4 {[%clk 1:30:57]} e6 {[%clk 1:30:31]} 2. d4 {[%clk 1:31:21]} d5
{[%clk 1:30:47]} 3. Nc3 {[%clk 1:31:47]} Bb4 {[%clk 1:30:38]} 4. exd5
{[%clk 1:32:12]} exd5 {[%clk 1:30:29]} 5. Bd3 {[%clk 1:32:38]} Nc6
{[%clk 1:30:09]} 6. a3 {[%clk 1:33:04]} Bxc3+ {[%clk 1:30:33]} 7. bxc3
{[%clk 1:33:31]} Nge7 {[%clk 1:29:38]} 8. Qh5 {[%clk 1:33:56]} Be6
{[%clk 1:28:24]} 9. Rb1 {[%clk 1:34:22]} b6 {[%clk 1:26:53]} 10. Nf3
{[%clk 1:34:47]} Qd7 {[%clk 1:21:59]} 11. Ng5 {[%clk 1:35:13]} O-O-O
{[%clk 1:18:33]} 12. Nxe6 {[%clk 1:35:39]} Qxe6+ {[%clk 1:16:11]} 13. Be3
{[%clk 1:36:05]} g6 {[%clk 1:12:02]} 14. Qf3 {[%clk 1:36:13]} Nf5
{[%clk 1:04:48]} 15. O-O {[%clk 1:34:41]} Nd6 {[%clk 0:33:03]} 16. Rfe1
{[%clk 1:28:26]} Rhe8 {[%clk 0:25:06]} 17. h3 {[%clk 0:26:36]} Ne4
{[%clk 0:16:33]} 18. Ba6+ {[%clk 0:22:55]} Kb8 {[%clk 0:16:14]} 19. Bf4
{[%clk 0:22:05]} g5 {[%clk 0:09:03]} 20. Bg3 {[%clk 0:19:42]} f5 {[%clk 0:08:16]}
21. Qd3 {[%clk 0:18:10]} f4 {[%clk 0:07:09]} 22. f3 {[%clk 0:12:43]} fxg3
{[%clk 0:06:35]} 23. fxe4 {[%clk 0:13:08]} dxe4 {[%clk 0:06:44]} 24. Qxg3
{[%clk 0:13:24]} h6 {[%clk 0:05:41]} 25. Rb5 {[%clk 0:10:26]} Qd6
{[%clk 0:04:18]} 26. Qxd6 {[%clk 0:08:36]} Rxd6 {[%clk 0:04:43]} 27. Rf5
{[%clk 0:08:26]} Nd8 {[%clk 0:04:29]} 28. d5 {[%clk 0:07:37]} c6 {[%clk 0:04:22]}
29. c4 {[%clk 0:05:50]} Re7 {[%clk 0:03:19]} 30. a4 {[%clk 0:04:14]} Nb7
{[%clk 0:02:48]} 31. Ref1 {[%clk 0:03:11]} Kc7 {[%clk 0:02:13]} 32. Rf7
{[%clk 0:03:20]} Rdd7 {[%clk 0:02:02]} 33. R7f6 {[%clk 0:03:05]} cxd5
{[%clk 0:01:48]} 34. Bb5 {[%clk 0:03:02]} Rd6 {[%clk 0:01:24]} 35. Rf7
{[%clk 0:02:41]} Rxf7 {[%clk 0:01:08]} 36. Rxf7+ {[%clk 0:03:07]} Kb8
{[%clk 0:01:25]} 37. cxd5 {[%clk 0:02:04]} Rxd5 {[%clk 0:01:23]} 38. Bc6
{[%clk 0:02:09]} Rd1+ {[%clk 0:01:40]} 39. Kf2 {[%clk 0:01:56]} Nc5
{[%clk 0:01:13]} 40. Ke2 {[%clk 0:30:52]} Rd6 {[%clk 0:31:03]} 41. Bb5
{[%clk 0:29:40]} a6 {[%clk 0:24:42]} 42. Bc4 {[%clk 0:26:10]} Rd4
{[%clk 0:16:53]} 43. Bb3 {[%clk 0:23:08]} Nxb3 {[%clk 0:11:58]} 44. cxb3
{[%clk 0:23:33]} Rb4 {[%clk 0:12:21]} 45. Ke3 {[%clk 0:22:32]} a5
{[%clk 0:09:58]} 46. Rh7 {[%clk 0:22:10]} Rxb3+ {[%clk 0:09:43]} 47. Kxe4
{[%clk 0:22:36]} Rb4+ {[%clk 0:06:38]} 48. Kd3 {[%clk 0:11:48]} Rxa4
{[%clk 0:06:36]} 49. Rxh6 {[%clk 0:12:14]} Kb7 {[%clk 0:05:42]} 50. Rg6
{[%clk 0:12:35]} Ra3+ {[%clk 0:03:24]} 51. Kc4 {[%clk 0:12:32]} Rg3
{[%clk 0:03:06]} 52. Kb5 {[%clk 0:12:43]} Rb3+ {[%clk 0:02:10]} 53. Ka4
{[%clk 0:12:45]} Rb1 {[%clk 0:01:50]} 54. Rxg5 {[%clk 0:12:50]} Ka6
{[%clk 0:02:11]} 55. Rg6 {[%clk 0:11:46]} Ra1+ {[%clk 0:01:56]} 56. Kb3
{[%clk 0:12:09]} Rb1+ {[%clk 0:01:57]} 57. Ka2 {[%clk 0:11:47]} Rh1
{[%clk 0:02:00]} 58. Kb3 {[%clk 0:11:11]} Rb1+ {[%clk 0:02:04]} 59. Ka2
{[%clk 0:07:08]} Re1 {[%clk 0:01:03]} 60. Ka3 {[%clk 0:07:08]} Re3+
{[%clk 0:01:12]} 61. Ka2 {[%clk 0:07:15]} a4 {[%clk 0:01:15]} 62. h4
{[%clk 0:07:29]} Ka5 {[%clk 0:01:16]} 63. h5 {[%clk 0:06:21]} b5 {[%clk 0:01:30]}
64. h6 {[%clk 0:04:53]} Re2+ {[%clk 0:01:11]} 65. Kb1 {[%clk 0:04:57]} Re1+
{[%clk 0:01:11]} 66. Kc2 {[%clk 0:04:17]} Rh1 {[%clk 0:01:37]} 67. Kb2
{[%clk 0:04:27]} b4 {[%clk 0:00:54]} 68. Rg5+ {[%clk 0:02:11]} Kb6
{[%clk 0:01:22]} 69. Rg6+ {[%clk 0:01:53]} Kb5 {[%clk 0:01:47]} 70. Rg5+
{[%clk 0:02:21]} Kb6 {[%clk 0:01:27]} 71. Rg6+ {[%clk 0:02:46]} Kb5
{[%clk 0:01:01]} 72. Rg5+ {[%clk 0:02:38]} 1/2-1/2

[Event "5th European Small Nations"]
[Site "Andorra la Vella"]
[Date "2017.11.12"]
[Round "1.9"]
[White "Antoniou, Antonis"]
[Black "De La Riva Aguado, Oscar"]
[Result "1/2-1/2"]
[BlackElo "2482"]
[WhiteElo "2164"]
[LiveChessVersion "1.4.8"]

1. e4 {[%clk 1:30:57]} g6 {[%clk 1:30:39]} 2. d4 {[%clk 1:31:21]} Bg7
{[%clk 1:31:03]} 3. c4 {[%clk 1:31:12]} d6 {[%clk 1:31:03]} 4. h3
{[%clk 1:28:59]} Nf6 {[%clk 1:31:24]} 5. Nc3 {[%clk 1:29:20]} O-O
{[%clk 1:31:29]} 6. Nf3 {[%clk 1:29:46]} e5 {[%clk 1:28:05]} 7. dxe5
{[%clk 1:22:00]} dxe5 {[%clk 1:28:21]} 8. Qxd8 {[%clk 1:22:25]} Rxd8
{[%clk 1:28:44]} 9. Bg5 {[%clk 1:19:44]} c6 {[%clk 1:26:55]} 10. Nxe5
{[%clk 1:06:28]} Na6 {[%clk 1:20:02]} 11. f3 {[%clk 0:52:03]} h6 {[%clk 1:03:05]}
12. Bd2 {[%clk 0:40:49]} Nxe4 {[%clk 0:56:11]} 13. Nxe4 {[%clk 0:40:55]} Bxe5
{[%clk 0:56:36]} 14. O-O-O {[%clk 0:41:10]} Bf5 {[%clk 0:55:15]} 15. Be2
{[%clk 0:32:06]} Bg7 {[%clk 0:40:33]} 16. Be3 {[%clk 0:25:58]} Re8
{[%clk 0:29:38]} 17. Bd3 {[%clk 0:24:01]} b5 {[%clk 0:18:47]} 18. Bd2
{[%clk 0:10:53]} Be6 {[%clk 0:11:31]} 19. cxb5 {[%clk 0:07:42]} cxb5
{[%clk 0:11:41]} 20. Bxb5 {[%clk 0:04:16]} Rec8+ {[%clk 0:11:28]} 21. Kb1
{[%clk 0:04:38]} Rab8 {[%clk 0:10:33]} 22. a4 {[%clk 0:05:07]} Nc7
{[%clk 0:06:56]} 23. Bc3 {[%clk 0:04:25]} Nxb5 {[%clk 0:06:35]} 24. axb5
{[%clk 0:04:29]} Bf5 {[%clk 0:04:19]} 25. Bxg7 {[%clk 0:03:42]} Kxg7
{[%clk 0:04:35]} 26. Rc1 {[%clk 0:03:37]} Re8 {[%clk 0:01:54]} 27. Rhe1
{[%clk 0:00:55]} Rxb5 {[%clk 0:01:59]} 28. g4 {[%clk 0:00:42]} Bxe4+
{[%clk 0:01:41]} 29. Rxe4 {[%clk 0:01:10]} Reb8 {[%clk 0:01:07]} 30. Rc2
{[%clk 0:00:47]} R8b7 {[%clk 0:00:52]} 31. Re3 {[%clk 0:00:44]} g5
{[%clk 0:00:45]} 1/2-1/2

[Event "5th European Small Nations"]
[Site "Andorra la Vella"]
[Date "2017.11.12"]
[Round "1.10"]
[White "Norwood, David R"]
[Black "Constantinou, Pavlos"]
[Result "1/2-1/2"]
[BlackElo "2057"]
[WhiteElo "2505"]
[LiveChessVersion "1.4.8"]

1. g3 {[%clk 1:30:46]} e5 {[%clk 1:30:43]} 2. Bg2 {[%clk 1:30:58]} d6
{[%clk 1:28:11]} 3. c4 {[%clk 1:30:41]} f5 {[%clk 1:28:32]} 4. Nc3
{[%clk 1:30:08]} Nf6 {[%clk 1:28:46]} 5. d3 {[%clk 1:25:41]} Be7 {[%clk 1:28:44]}
6. Nf3 {[%clk 1:16:46]} O-O {[%clk 1:28:57]} 7. b4 {[%clk 1:12:37]} Qe8
{[%clk 1:21:50]} 8. Qb3 {[%clk 1:07:19]} Kh8 {[%clk 1:20:05]} 9. h3
{[%clk 1:03:55]} Nc6 {[%clk 1:15:48]} 10. Nd5 {[%clk 0:52:47]} Bd8
{[%clk 1:06:59]} 11. b5 {[%clk 0:48:49]} Nb8 {[%clk 0:51:35]} 12. Nd2
{[%clk 0:38:35]} c6 {[%clk 0:50:02]} 13. Nc3 {[%clk 0:38:23]} Bb6
{[%clk 0:36:03]} 14. Ba3 {[%clk 0:36:49]} Bc7 {[%clk 0:29:19]} 15. bxc6
{[%clk 0:34:41]} Nxc6 {[%clk 0:26:31]} 16. Nb5 {[%clk 0:32:20]} Qd8
{[%clk 0:25:29]} 17. O-O {[%clk 0:29:08]} a6 {[%clk 0:21:38]} 18. Nxc7
{[%clk 0:28:32]} Qxc7 {[%clk 0:21:57]} 19. e3 {[%clk 0:22:55]} Be6
{[%clk 0:20:27]} 20. Rab1 {[%clk 0:22:44]} b5 {[%clk 0:16:53]} 21. Qc2
{[%clk 0:22:00]} Rfc8 {[%clk 0:06:00]} 22. Rfc1 {[%clk 0:21:07]} d5
{[%clk 0:05:09]} 23. cxd5 {[%clk 0:19:57]} Bxd5 {[%clk 0:05:01]} 24. Bxd5
{[%clk 0:17:14]} Nxd5 {[%clk 0:05:29]} 25. Qb3 {[%clk 0:16:58]} Qd7
{[%clk 0:05:27]} 26. Nf3 {[%clk 0:16:35]} e4 {[%clk 0:02:43]} 27. Rc5
{[%clk 0:12:38]} Nce7 {[%clk 0:01:18]} 28. Ng5 {[%clk 0:10:02]} Rxc5
{[%clk 0:01:04]} 29. Bxc5 {[%clk 0:10:24]} h6 {[%clk 0:00:36]} 30. Bxe7
{[%clk 0:10:39]} Nxe7 {[%clk 0:00:48]} 31. Nf7+ {[%clk 0:10:52]} Kh7
{[%clk 0:01:10]} 32. dxe4 {[%clk 0:11:14]} fxe4 {[%clk 0:01:21]} 33. Rd1
{[%clk 0:06:14]} Qxh3 {[%clk 0:01:30]} 34. Qb4 {[%clk 0:06:36]} Qe6
{[%clk 0:01:11]} 35. Rd6 {[%clk 0:04:03]} Nd5 {[%clk 0:00:50]} 36. Qd4
{[%clk 0:03:32]} Qxf7 {[%clk 0:00:56]} 37. Qxe4+ {[%clk 0:03:56]} Kh8
{[%clk 0:01:10]} 38. Qxd5 {[%clk 0:02:59]} Qxd5 {[%clk 0:01:07]} 39. Rxd5
{[%clk 0:03:22]} Ra7 {[%clk 0:00:42]} 40. Rd8+ {[%clk 0:32:57]} Kh7
{[%clk 0:31:06]} 41. Kg2 {[%clk 0:26:20]} Rc7 {[%clk 0:29:35]} 42. Ra8
{[%clk 0:21:45]} Rc6 {[%clk 0:29:50]} 43. Kf3 1/2-1/2

[Event "5th European Small Nations"]
[Site "Andorra la Vella"]
[Date "2017.11.12"]
[Round "1.11"]
[White "Michaelides, Konstantinos"]
[Black "Aloma Vidal, Robert"]
[Result "0-1"]
[BlackElo "2440"]
[WhiteElo "2041"]
[LiveChessVersion "1.4.8"]

1. e4 {[%clk 1:30:56]} e5 {[%clk 1:30:51]} 2. Nf3 {[%clk 1:31:13]} Nc6
{[%clk 1:31:15]} 3. d4 {[%clk 1:30:31]} exd4 {[%clk 1:31:38]} 4. Nxd4
{[%clk 1:30:57]} Bc5 {[%clk 1:32:03]} 5. Be3 {[%clk 1:31:20]} Qf6
{[%clk 1:32:27]} 6. c3 {[%clk 1:31:43]} Nge7 {[%clk 1:32:52]} 7. Bc4
{[%clk 1:31:19]} O-O {[%clk 1:33:09]} 8. O-O {[%clk 1:30:30]} b6 {[%clk 1:32:51]}
9. Re1 {[%clk 1:24:01]} Bb7 {[%clk 1:25:22]} 10. Nxc6 {[%clk 1:14:59]} Bxc6
{[%clk 1:17:48]} 11. Bd4 {[%clk 1:10:27]} Qg6 {[%clk 1:17:18]} 12. f3
{[%clk 1:00:19]} Qg5 {[%clk 1:01:37]} 13. Qd2 {[%clk 0:54:17]} Qh5
{[%clk 0:54:30]} 14. Qf2 {[%clk 0:48:48]} Rfe8 {[%clk 0:50:02]} 15. Nd2
{[%clk 0:44:40]} Ng6 {[%clk 0:46:33]} 16. Nb3 {[%clk 0:38:24]} Bf8
{[%clk 0:38:02]} 17. g3 {[%clk 0:34:18]} d5 {[%clk 0:30:08]} 18. exd5
{[%clk 0:27:02]} Bxd5 {[%clk 0:28:31]} 19. Bxd5 {[%clk 0:24:09]} Qxd5
{[%clk 0:28:48]} 20. f4 {[%clk 0:20:26]} c5 {[%clk 0:24:28]} 21. Be3
{[%clk 0:20:04]} Rad8 {[%clk 0:21:02]} 22. Qg2 {[%clk 0:18:51]} Qd3
{[%clk 0:17:12]} 23. Qf3 {[%clk 0:17:36]} a5 {[%clk 0:16:59]} 24. Rad1
{[%clk 0:14:03]} Qc2 {[%clk 0:16:17]} 25. Rxd8 {[%clk 0:13:07]} Rxd8
{[%clk 0:16:45]} 26. Qe2 {[%clk 0:12:56]} Qf5 {[%clk 0:15:06]} 27. Nd2
{[%clk 0:12:00]} a4 {[%clk 0:13:58]} 28. c4 {[%clk 0:10:56]} h5 {[%clk 0:13:00]}
29. Nb1 {[%clk 0:10:36]} Ne7 {[%clk 0:06:43]} 30. Nc3 {[%clk 0:09:38]} a3
{[%clk 0:07:08]} 31. b3 {[%clk 0:09:47]} g6 {[%clk 0:04:36]} 32. Rd1
{[%clk 0:09:32]} Rxd1+ {[%clk 0:03:38]} 33. Qxd1 {[%clk 0:09:54]} Qe6
{[%clk 0:03:52]} 34. Bf2 {[%clk 0:08:57]} Bg7 {[%clk 0:04:10]} 35. Nb5
{[%clk 0:07:12]} h4 {[%clk 0:02:42]} 36. g4 {[%clk 0:03:42]} h3 {[%clk 0:01:42]}
37. Qf3 {[%clk 0:03:15]} Qf6 {[%clk 0:01:41]} 38. Qe2 {[%clk 0:00:54]} Nc6
{[%clk 0:01:32]} 39. Nxa3 {[%clk 0:00:47]} Qxf4 {[%clk 0:00:51]} 40. Be3
{[%clk 0:30:32]} Nd4 {[%clk 0:30:42]} 41. Qf2 {[%clk 0:22:10]} Qxg4+
{[%clk 0:30:28]} 42. Kf1 {[%clk 0:21:19]} Qd1+ {[%clk 0:29:57]} 43. Qe1
{[%clk 0:21:30]} Qd3+ {[%clk 0:29:59]} 0-1